[Event "Tromsoe NNM Master"]
[Site "Tromsoe"]
[Date "2017.06.02"]
[Round "1"]
[White "Meyer, Magnus Hals"]
[Black "Vestby Ellingsen, Mads"]
[Result "0-1"]
[WhiteElo "1616"]
[BlackElo "2179"]
[PlyCount "90"]
[EventDate "2017.06.02"]
[EventType "swiss"]
[EventRounds "6"]
[EventCountry "NOR"]
[SourceTitle "EXT 2024"]
[Source "ChessBase"]
[SourceDate "2023.10.10"]
[SourceVersion "1"]
[SourceVersionDate "2023.10.10"]
[SourceQuality "1"]

1. e4 c5 2. Nf3 e6 3. d4 cxd4 4. Nxd4 Nc6 5. Nc3 Qc7 6. Be3 a6 7. Be2 Nf6 8. 0-0 d6 9. Kh1 Be7 10. Qd2 0-0 11. f3 Nxd4 12. Qxd4 e5 13. Qb6 Qxb6 14. Bxb6 Be6 15. Rfd1 Rac8 16. a4 Rc6 17. a5 Rfc8 18. Rd2 h6 19. Rc1 Nd7 20. Nd5 Bxd5 21. exd5 Rxb6 22. axb6 Bg5 23. Rcd1 Bxd2 24. Rxd2 Nxb6 25. b3 Rc5 26. c4 Ra5 27. Kg1 Ra1+ 28. Kf2 Rb1 29. Bd1 Kf8 30. Ke3 Nd7 31. Bc2 Rh1 32. h3 a5 33. Rd1 Rxd1 34. Bxd1 Ke7 35. Kd3 Kd8 36. Kc3 Kc7 37. b4 axb4+ 38. Kxb4 Kb6 39. Bc2 Nc5 40. Bb1 Na6+ 41. Kc3 Kc5 42. Bh7 Nc7 43. Bd3 b5 44. cxb5 Nxb5+ 45. Kd2 Nc7 0-1